| 000 | 00694nam a22002297a 4500 | ||
|---|---|---|---|
| 005 | 20170124105947.0 | ||
| 010 | _aA-725132 | ||
| 020 | _c18.00 | ||
| 035 | _aA-725132 | ||
| 037 | _bCen Lib/Ret | ||
| 040 |
_aDPL _bEN |
||
| 082 |
_a270.61 _bSUR |
||
| 245 |
_aThe islamic resurgence : _cedited by A.A. Suroor _ba seminar / |
||
| 260 |
_aSrinagar _bIqbal Institute University of Kashmir |
||
| 270 | _bSrinagar | ||
| 300 |
_axii,118p. _c21cm(Hb) |
||
| 490 | _aIqbal Institute Publication Series 14 | ||
| 650 |
_aIslam--Doctrines _974320 |
||
| 650 |
_a Islam -- 20th century -- Congresses. _912701 |
||
| 700 |
_aSuroor, A.A. _974321 |
||
| 942 |
_2ddc _cEN _h270.61 _mSUR |
||
| 999 |
_c125018 _d125018 |
||